00580nam a2200181Ia 450000500170000000800460001703700120006304000210007504100130009608400210010910000190013024500430014926000470019230000130023994200210025299900210027395201040029420250508154456.0008 250505s9999 xx 000 0 eng d aTextual aFEDL bengcFEDL aeng2eng a300.1, TAGqFEDL aSinha Sasadhar 0aSocial thinking of Rabindranath Tagore aBombay, IndiabAsia Publishing Housec1962 axiv,198p cTEXLh300.1, TAG c1350474d1350474 00104070aFEDLbFEDLd2025-05-08l0o300.1, TAGpEL0034472r2025-05-08 15:44:56w2025-05-08yTEXL